|
|
|
|
| LEADER |
00000nam2a2200000 4500 |
| 001 |
145245 |
| 005 |
20231031144009.0 |
| 035 |
|
|
|a (RuTPU)RU\TPU\book\157445
|
| 090 |
|
|
|a 145245
|
| 100 |
|
|
|a 20081015d1971 km y0rusy50 ca
|
| 101 |
0 |
|
|a rus
|
| 102 |
|
|
|a RU
|
| 105 |
|
|
|a a z 001zy
|
| 200 |
0 |
|
|a Вып. 3
|
| 210 |
|
|
|d 1971
|
| 215 |
|
|
|a 279 с.
|c ил.
|
| 320 |
|
|
|a Библиография в конце статей
|
| 461 |
|
1 |
|0 (RuTPU)RU\TPU\book\162151
|t Органическая геохимия
|o сборник статей: пер. с англ. и фр.
|f под ред. Н. Б. Вассоевича; А. А. Карцева
|v Вып. 3
|d 1971
|
| 610 |
1 |
|
|a нефть
|
| 610 |
1 |
|
|a геохимия
|
| 610 |
1 |
|
|a горные породы
|
| 610 |
1 |
|
|a органические вещества
|
| 610 |
1 |
|
|a нефтяные месторождения
|
| 610 |
1 |
|
|a поиски
|
| 610 |
1 |
|
|a разведка
|
| 610 |
1 |
|
|a геохимические методы
|
| 610 |
1 |
|
|a сборники
|
| 675 |
|
|
|a 550.4
|v 3
|
| 675 |
|
|
|a 553.982.08
|v 3
|
| 801 |
|
1 |
|a RU
|b 63413507
|c 20081015
|g PSBO
|
| 801 |
|
2 |
|a RU
|b 63413507
|c 20140716
|g PSBO
|
| 942 |
|
|
|c BK
|